| 000 | 01194nam a2200253 a 4500 | ||
|---|---|---|---|
| 001 | 000005247 | ||
| 003 | OSt | ||
| 005 | 20200929151624.0 | ||
| 008 | 090818s1985 es a 001 0 spa d | ||
| 020 | _a8400059344 | ||
| 040 |
_aDO-SdBNP _bspa _cBNPHU |
||
| 082 |
_axxxxx _bA543a |
||
| 111 | 1 |
_aJornadas de Andalucía y América _cUniversidad de Santa María de la Rábida _n(3 : 1983 marzo ) _914973 |
|
| 245 | 1 | 0 |
_aAndalucía y América en el siglo XVII : _bactas de las III Jornadas de Andalucía y América (Universidad de Santa María de la Rábida) / _cedición Bibiano Torres Ramírez, José Hernández Palomo. |
| 260 |
_aSevilla, España : _bEscuela de Estudios Hispano-Americanos, _c1985. |
||
| 300 |
_a411 p. : _bil. ; _c25 cm. |
||
| 490 | 1 |
_aPublicaciones de la Escuela de Estudios Hispano-Americanos de Sevilla 308 _v308 |
|
| 500 | _aPublicación conmemorativa del V centenario. | ||
| 504 | _aIncluye notas y referencias bibliográficas al pie de las páginas | ||
| 700 | 1 |
_aTorres Ramírez, Bibiano, _eed. _914974 |
|
| 700 | 1 |
_aHernández Palomo, José, _eed. _914975 |
|
| 830 | 0 |
_aPublicaciones de la Escuela de Estudios Hispano-Americanos de Sevilla. _n308 _914976 |
|
| 942 |
_2ddc _cLF1 |
||
| 999 |
_c5048 _d5048 |
||